[Event "Sharjah Blitz op"]
[Site "Sharjah"]
[Date "2021.05.01"]
[Round "1.11"]
[White "Mohammed, Dilshad"]
[Black "Suresh, KK."]
[Result "1-0"]
[WhiteElo "2041"]
[BlackElo "1617"]
[PlyCount "54"]
[EventDate "2021.05.01"]
[EventType "swiss (blitz)"]
[EventRounds "9"]
[EventCountry "UAE"]
[SourceTitle "CBM 202 Extra"]
[Source "ChessBase"]
[SourceDate "2021.07.31"]
[SourceVersion "1"]
[SourceVersionDate "2021.07.31"]
[SourceQuality "1"]

1. Nf3 d5 2. c4 c6 3. e3 Nf6 4. Nc3 g6 5. d4 Bg7 6. Be2 0-0 7. a4 a5 8. 0-0 Bg4 9. cxd5 Nxd5 10. Qb3 Qd7 11. Ne4 Bxf3 12. Bxf3 Na6 13. Bd2 Rab8 14. Bxa5 b5 15. Bd2 bxa4 16. Qxa4 Nac7 17. b4 Nb5 18. Nc5 Qf5 19. e4 Qc8 20. exd5 Bxd4 21. Rad1 cxd5 22. Bxd5 Bxc5 23. bxc5 Qxc5 24. Bf4 Nc3 25. Qc4 Qxc4 26. Bxc4 Rbc8 27. Rd4 e6 1-0

[Event "Sharjah Blitz op"]
[Site "Sharjah"]
[Date "2021.05.01"]
[Round "8.13"]
[White "Sabirova, Shakhnoza"]
[Black "Suresh, KK."]
[Result "1-0"]
[WhiteElo "1919"]
[BlackElo "1617"]
[PlyCount "65"]
[EventDate "2021.05.01"]
[EventType "swiss (blitz)"]
[EventRounds "9"]
[EventCountry "UAE"]
[SourceTitle "CBM 202 Extra"]
[Source "ChessBase"]
[SourceDate "2021.07.31"]
[SourceVersion "1"]
[SourceVersionDate "2021.07.31"]
[SourceQuality "1"]

1. e4 c5 2. Nc3 d6 3. g3 Nf6 4. Bg2 Nc6 5. d3 Bd7 6. f4 e5 7. Nf3 Bg4 8. h3 Bxf3 9. Bxf3 Nd4 10. Bg2 Be7 11. Ne2 0-0 12. c3 Nxe2 13. Qxe2 Rb8 14. f5 a6 15. g4 Nd7 16. Be3 Bh4+ 17. Kd2 Qb6 18. Kc2 Qa5 19. g5 Bg3 20. Qg4 Bf4 21. Bxf4 exf4 22. f6 Ne5 23. Qxf4 Qb5 24. c4 Qa4+ 25. b3 Qa5 26. fxg7 Rfd8 27. Bf3 Ng6 28. Qf6 Qc7 29. h4 Re8 30. Bg4 Ne5 31. Bf5 Nd7 32. Bxh7+ Kxh7 33. Qh6+ 1-0

[Event "Sharjah Blitz op"]
[Site "Sharjah"]
[Date "2021.05.01"]
[Round "5.10"]
[White "Suresh, KK."]
[Black "Bablok, Maciej"]
[Result "1-0"]
[WhiteElo "1617"]
[BlackElo "2058"]
[PlyCount "45"]
[EventDate "2021.05.01"]
[EventType "swiss (blitz)"]
[EventRounds "9"]
[EventCountry "UAE"]
[SourceTitle "CBM 202 Extra"]
[Source "ChessBase"]
[SourceDate "2021.07.31"]
[SourceVersion "1"]
[SourceVersionDate "2021.07.31"]
[SourceQuality "1"]

1. d4 Nf6 2. Nf3 e6 3. Bf4 d5 4. e3 Bd6 5. Bg5 0-0 6. c3 b6 7. Nbd2 Bb7 8. Be2 Nbd7 9. 0-0 c5 10. Re1 Qc7 11. Bh4 Rfe8 12. Bg3 Bxg3 13. hxg3 e5 14. Bb5 Rad8 15. dxe5 Ng4 16. Qa4 Ngxe5 17. Bxd7 Rxd7 18. Nxe5 Rxe5 19. Qxa7 Rh5 20. Qa4 Rd6 21. g4 Rh4 22. Nf3 Rhh6 23. Qe8# 1-0

[Event "Sharjah Rapid op"]
[Site "Sharjah"]
[Date "2021.04.29"]
[Round "4.10"]
[White "Sultan, Ibrahim"]
[Black "Suresh, KK."]
[Result "1-0"]
[WhiteElo "2076"]
[BlackElo "1617"]
[PlyCount "97"]
[EventDate "2021.04.29"]
[EventType "swiss (rapid)"]
[EventRounds "9"]
[EventCountry "UAE"]
[SourceTitle "CBM 202 Extra"]
[Source "ChessBase"]
[SourceDate "2021.07.31"]
[SourceVersion "1"]
[SourceVersionDate "2021.07.31"]
[SourceQuality "1"]

1. d4 Nf6 2. c4 d5 3. cxd5 Nxd5 4. e4 Nf6 5. Nc3 c6 6. h3 g6 7. Nf3 Bg7 8. Be2 0-0 9. 0-0 Nbd7 10. Be3 Re8 11. Bc4 Nf8 12. Ng5 e6 13. a4 a5 14. Nf3 N8d7 15. Qe2 Nb6 16. Bb3 Nfd7 17. Rfd1 Qe7 18. Rac1 Qb4 19. Qc2 Nc4 20. Bf4 Ndb6 21. Na2 Qe7 22. Bxc4 Nxc4 23. Qxc4 Bd7 24. Nc3 Rac8 25. e5 h6 26. h4 c5 27. d5 exd5 28. Nxd5 Qe6 29. Nb6 Qxb6 30. Rxd7 Rf8 31. e6 fxe6 32. Be5 Rf7 33. Rxf7 Kxf7 34. Bxg7 Kxg7 35. Qc3+ Kh7 36. Qf6 Rc7 37. Ne5 Rg7 38. Rd1 Qxb2 39. g3 Qe2 40. Rd7 Qe1+ 41. Kh2 Rxd7 42. Qxg6+ Kh8 43. Qe8+ Kg7 44. Qxd7+ Kf6 45. Ng4+ Kf5 46. Ne3+ Ke4 47. Qxe6+ Kd3 48. Qc4+ Kd2 49. Qc2# 1-0

[Event "Dubai The Arbor blitz op"]
[Site "Dubai"]
[Date "2019.04.12"]
[Round "9"]
[White "Suresh, KK."]
[Black "Alhejab, Meshal"]
[Result "0-1"]
[WhiteElo "1496"]
[BlackElo "1260"]
[PlyCount "79"]
[EventDate "2019.04.12"]
[EventType "swiss (blitz)"]
[EventRounds "9"]
[EventCountry "UAE"]
[SourceTitle "CBM 189 Extra"]
[Source "ChessBase"]
[SourceDate "2019.06.03"]
[SourceVersion "1"]
[SourceVersionDate "2019.06.03"]
[SourceQuality "1"]

1. d4 Nf6 2. c4 g6 3. Nf3 Bg7 4. Nc3 d5 5. cxd5 Nxd5 6. e3 c5 7. Bb5+ Nc6 8. 0-0 Nxc3 9. bxc3 0-0 10. Bxc6 bxc6 11. Bb2 Rb8 12. Qd2 Bg4 13. Ne1 Bf5 14. a4 cxd4 15. cxd4 c5 16. Nf3 Bg4 17. Ne1 Qb6 18. Bc3 cxd4 19. exd4 Rfe8 20. Nc2 Qd8 21. Rab1 Rxb1 22. Rxb1 Qd7 23. a5 e5 24. d5 Rd8 25. Ne3 Bf5 26. Rd1 Be4 27. f3 Bf5 28. Nxf5 Qxf5 29. d6 Qe6 30. a6 Bf8 31. Bb4 Qc4 32. Bc3 Rd7 33. Bxe5 Qxa6 34. Qc1 Qb6+ 35. Qc5 Qxc5+ 36. Bd4 Qxd6 37. Kf2 Qxd4+ 38. Rxd4 Rxd4 39. h4 a5 40. Ke1 0-1